[Event "EU-ch 10th"]
[Site "Budva"]
[Date "2009.03.10"]
[Round "5"]
[White "Cebalo, Miso"]
[Black "Onoprienko, Vladimir"]
[Result "1-0"]
[WhiteElo "2509"]
[BlackElo "2372"]
[PlyCount "78"]
[EventDate "2009.03.06"]
[EventType "swiss"]
[EventRounds "11"]
[EventCountry "MNE"]
[SourceTitle "CBM 130"]
[Source "ChessBase"]
[SourceDate "2009.05.20"]
[SourceVersion "1"]
[SourceVersionDate "2009.05.20"]
[SourceQuality "1"]

1. d4 d5 2. c4 c6 3. Nf3 Nf6 4. Nc3 dxc4 5. a4 Bf5 6. Ne5 Nbd7 7. Nxc4 Qc7 8. g3 e5 9. dxe5 Nxe5 10. Bf4 Nfd7 11. Bg2 g5 12. Ne3 gxf4 13. Nxf5 Ng6 14. Qc2 0-0-0 15. 0-0 h5 16. Rac1 Nde5 17. Nd5 Qa5 18. Nxf4 Rd2 19. Qe4 Bb4 20. Nd5 Rxb2 21. Qd4 Rd2 22. Qxb4 Rxd5 23. Nd6+ Kd7 24. Qxb7+ Kxd6 25. f4 Qb6+ 26. Qxb6 axb6 27. fxe5+ Nxe5 28. Bxd5 Kxd5 29. Rf4 c5 30. Rb1 Rh6 31. Rd1+ Kc6 32. h3 Re6 33. Kf2 c4 34. Rb1 f6 35. Rf5 Kd5 36. Ke3 Rc6 37. Rb5+ Ke6 38. Rxh5 Kd7 39. Kd2 Kc8 1-0

[Event "EU-ch 10th"]
[Site "Budva"]
[Date "2009.03.08"]
[Round "3"]
[White "Prohaszka, Peter"]
[Black "Onoprienko, Vladimir"]
[Result "1-0"]
[WhiteElo "2512"]
[BlackElo "2372"]
[PlyCount "59"]
[EventDate "2009.03.06"]
[EventType "swiss"]
[EventRounds "11"]
[EventCountry "MNE"]
[SourceTitle "CBM 130"]
[Source "ChessBase"]
[SourceDate "2009.05.20"]
[SourceVersion "1"]
[SourceVersionDate "2009.05.20"]
[SourceQuality "1"]

1. d4 Nf6 2. c4 g6 3. Nc3 Bg7 4. e4 0-0 5. Bd3 d6 6. Nge2 Nc6 7. 0-0 Nh5 8. Bc2 e5 9. d5 Nb4 10. Bb1 a5 11. Be3 Na6 12. a3 Bd7 13. Bc2 f5 14. exf5 gxf5 15. Ng3 Nxg3 16. fxg3 Nc5 17. Rb1 Qe8 18. b3 b6 19. Qd2 Qh5 20. b4 axb4 21. axb4 Na4 22. Nb5 Bxb5 23. cxb5 e4 24. Bd1 Qe8 25. Rc1 Qxb5 26. Rxc7 Qd3 27. Rxg7+ Kxg7 28. Bh6+ Kg8 29. Qxd3 exd3 30. Bxf8 1-0

[Event "Moscow op-D (Seniors)"]
[Site "Moscow"]
[Date "2009.02.07"]
[Round "9.7"]
[White "Chernikov, Oleg L"]
[Black "Onoprienko, Vladimir"]
[Result "0-1"]
[WhiteElo "2439"]
[BlackElo "2325"]
[PlyCount "42"]
[EventDate "2009.01.30"]
[EventType "swiss"]
[EventRounds "9"]
[EventCountry "RUS"]
[SourceTitle "EXT 2023"]
[Source "ChessBase"]
[SourceDate "2022.10.05"]
[SourceVersion "1"]
[SourceVersionDate "2022.10.05"]
[SourceQuality "1"]

1. d4 d5 2. Nf3 Nf6 3. Bg5 e6 4. c4 c6 5. e3 Qa5+ 6. Nbd2 Ne4 7. Bf4 Nd7 8. Bd3 e5 9. Bxe4 dxe4 10. Nxe5 Nxe5 11. dxe5 Be6 12. 0-0 0-0-0 13. Nb3 Rxd1 14. Nxa5 Rxa1 15. Rxa1 Bb4 16. Nb3 Bxc4 17. Rd1 Bxb3 18. axb3 Rd8 19. Rd4 c5 20. Rxd8+ Kxd8 21. Kf1 Bd2 0-1